|
|
|
|
| LEADER |
00991nam a2200241 a 4500 |
| 001 |
3078827 |
| 008 |
100124r1996 enka b 001 0 eng d |
| 010 |
|
|
|a \\\97155167
|
| 020 |
|
|
|a 8173711577
|
| 020 |
|
|
|a 1853833088 (paperback)
|
| 020 |
|
|
|a 1853833037 (hardback)
|
| 040 |
|
|
|a IaAS
|c IaAS
|d NN
|d CStRLIN
|d DLC
|d BD-DhAAL
|
| 082 |
0 |
0 |
|a 658.4/083
|2 21
|
| 245 |
0 |
0 |
|a Corporate environmental management :
|b systems and strategies /
|c edited by Richard Welford.
|
| 260 |
|
|
|a London :
|b Earthscan ;
|a New Delhi :
|b Universities Press,
|c 1996 [reprinted].
|
| 300 |
|
|
|a vii, 273 p. :
|b ill. ;
|c 24 cm.
|
| 504 |
|
|
|a Includes bibliographical references and index.
|
| 541 |
1 |
|
|e 00010958
|
| 650 |
|
0 |
|a Industrial management
|x Environmental aspects.
|
| 700 |
1 |
|
|a Welford, Richard,
|d 1960-
|
| 852 |
4 |
|
|a Ayesha Abed Library
|j General shelf
|
| 999 |
|
|
|c 7144
|d 7144
|
| 952 |
|
|
|0 0
|1 0
|2 ddc
|4 0
|6 658_408300000000000_COR_1996
|7 0
|9 7421
|a BRACUL
|b BRACUL
|c GEN
|d 2010-01-25
|l 0
|o 658.4083 COR
|p 3010010958
|r 2010-01-25
|t 1
|w 2010-01-25
|y BK
|